000 00600nam a2200241 a 4500
001 nice12345678
003 IN_TiNIC
005 20260116012108.0
008 050524s1966 lona grp 000 0 eng
020 _a
_c25
082 0 0 _a268
_bMOR
100 _aMoran, Gabriel
245 _aGod Still Speaks
_b Basis of Christian Education
260 _aLondon
_bBurns and Oates
_c1966
300 _a180p
500 _aincludes index and biblioraphy
505 2 _aIndex
650 _aChristian Education & Training
700 1 _aMoran, Gabriel
902 _bSRS
942 _cBK
999 _c5621
_d5621